| 000 | 01073nam a22002775a 4500 | ||
|---|---|---|---|
| 003 | OSt | ||
| 005 | 20161130141207.0 | ||
| 008 | 161130s2007 ua frb 000 0 mul d | ||
| 020 | _a9770437131 | ||
| 040 |
_aEG-ScBUE _bara _cEG-ScBUE |
||
| 041 | 1 |
_aara _afre |
|
| 082 | 0 | 4 |
_a341.522 _bم خ ل _222 |
| 100 | 1 | _aمخلوف، أحمد. | |
| 245 | 1 | 0 |
_aدراسات قانونية في التحكيم التجاري الدولي / _cإعداد وتقديم أحمد مخلوف = L'Arbitrage commercial international / Ahmed Makhlouf. |
| 246 | 3 | 1 | _aL'Arbitrage commercial international |
| 250 | _aط. 2. | ||
| 260 |
_aالقاهرة : _bدار النهضة العربية، _c2007. |
||
| 300 |
_a511 ص. ؛ _c24 سم. |
||
| 504 | _aيشتمل على إرجاعات ببليوجرافية. | ||
| 546 | _aالنص باللغتين اللغة العربية واللغة الفرنسية. | ||
| 650 | 7 |
_aالتحكيم الدولي. _2BUEsh _941124 |
|
| 650 | 7 |
_aالتحكيم التجاري. _2BUEsh |
|
| 651 | _2BUEsh | ||
| 653 |
_bLLAAWW _cNovember2016 |
||
| 942 | _2ddc | ||
| 999 |
_c23394 _d23366 |
||